Beyblade - Noms d'épisodes (Metal Fury) - Statistiques

Statistiques générales
  • Ce quiz a été pris 20 fois
  • Le résultat moyen est 12 sur 39
Statistiques - réponses
Numéro Réponses % Correct
33 Diablo Némésis
82%
1 Fragment d'Etoile
64%
4 L-Drago Destructor
64%
15 Le Dôme de la Destruction
64%
20 Dynamis, le Gardien du Temple
45%
32 Tous Ensemble, Bladers Légendaires
45%
24 Deux Duels Impitoyables
36%
37 Flash Sagittario
36%
38 Hades Résiste
36%
8 L'Eclair Pourpre
36%
23 Le Combat de lÎle de Toupâques
36%
39 Le Dernier Combat
36%
35 Le Royaume Perdu
36%
11 Tornade Cosmique
36%
7 La Détermination de Kenta
27%
25 L'Adversaire Invisible
27%
14 La Nouvelle Equipe Dungeon
27%
29 La Résurrection du Dieu de la Destruction
27%
26 Le Blader Mercenaire
27%
17 Le Champion, c'est Moi
27%
27 Le Lion dans la Savane
27%
10 Le Nouveau Rugissement
27%
16 Le Nouveau Striker est fin Prêt
27%
31 Les Quatre Coeurs
27%
36 L'Etoile Manquante des Quatre Saisons
27%
6 N'est pas Bladeur Légendaire qui Veut
27%
34 En Route vers l'Ultime Combat
18%
3 Le Chat Sauvage : Lynx
18%
30 Le Descendant de Némésis
18%
12 Le Dieu de Saturne, Kronos
18%
22 Les Bladers des Quatre Saisons
18%
2 Les Bladers Légendaires
18%
28 Quetzalcoatl, le Dieu de Vénus
18%
13 Confrontations à la Tour de Babel
9%
19 La Fierté du Lion
9%
21 La Légende de la Résurrection de Némésis
9%
9 Le Grand Tournoi de Combats en Duo
9%
18 Le Labyrinthe de la Montagne de Brume
9%
5 Réveille-toi, Anubius
9%
Aucun quiz correspondant
Distribution des résultats
% des personnes avec chaque résultat
Percentile par nombre de réponses
Votre historique - résultats
Vous n’avez pas pris ce quiz